MARC details
| 000 -CABECERA |
| campo de control de longitud fija |
01925nam a22002897a 4500 |
| 003 - IDENTIFICADOR DEL NÚMERO DE CONTROL |
| campo de control |
OSt |
| 005 - FECHA Y HORA DE LA ÚLTIMA TRANSACCIÓN |
| campo de control |
20260515115925.0 |
| 008 - DATOS DE LONGITUD FIJA--INFORMACIÓN GENERAL |
| campo de control de longitud fija |
260121b |||||||| |||| 00| 0 eng d |
| 022 ## - NÚMERO INTERNACIONAL NORMALIZADO PARA PUBLICACIONES SERIADAS |
| Número Internacional Normalizado para Publicaciones Seriadas |
1478-6990 |
| 022 ## - NÚMERO INTERNACIONAL NORMALIZADO PARA PUBLICACIONES SERIADAS |
| Número Internacional Normalizado para Publicaciones Seriadas |
0047-2506 |
| 040 ## - FUENTE DE LA CATALOGACIÓN |
| Centro catalogador/agencia de origen |
TBS |
| Lengua de catalogación |
EN |
| Centro/agencia transcriptor |
TBS |
| 041 ## - CÓDIGO DE LENGUA |
| Código de lengua del texto/banda sonora o título independiente |
eng |
| 100 ## - ENTRADA PRINCIPAL--NOMBRE DE PERSONA |
| Nombre de persona |
Lenartowicz, T. |
| 9 (RLIN) |
27001 |
| Término indicativo de función/relación |
author |
| 245 ## - MENCIÓN DE TÍTULO |
| Título |
A cross-national assessment of the values of Latin America managers |
| Resto del título |
: contrasting hues or shades of gray? |
| Mención de responsabilidad, etc. |
/ T. Lenartowicz, T., James Patrick Johnson. |
| 260 ## - PUBLICACIÓN, DISTRIBUCIÓN, ETC. |
| Nombre del editor, distribuidor, etc. |
Journal of International Business Studies, |
| Fecha de publicación, distribución, etc. |
2003 |
| 300 ## - DESCRIPCIÓN FÍSICA |
| Extensión |
266-281 pages. |
| 362 ## - FECHAS DE PUBLICACIÓN Y/O DESIGNACIÓN SECUENCIAL |
| Fecha de publicación y/o designación secuencial |
Journal of international business studies, 2003-05, Vol.34 (3), p.266-281. |
| 520 ## - SUMARIO, ETC. |
| Sumario, etc. |
We draw upon studies from the social sciences to develop and test hypotheses about similarities and differences in the importance of values among managers in 12 Latin American countries. Using the Rokeach Value Survey, data from 1015 owner-managers of small businesses indicated convergence among values relating to group interests, but significant variation among values serving individual interests. In addition, several groups of countries were identified as culturally similar, whereas Brazil and Mexico remained culturally discrete. The results suggest that common perceptions of Latin America as a culturally homogeneous region are stereotypical and incorrect, and that divergence in the importance of values can explain differences in business phenomena across the region. |
| 630 #0 - PUNTO DE ACCESO ADICIONAL DE MATERIA--TÍTULO UNIFORME |
| Título uniforme |
MSc International Business |
| 9 (RLIN) |
26977 |
| 650 #0 - PUNTO DE ACCESO ADICIONAL DE MATERIA--TÉRMINO DE MATERIA |
| Término de materia o nombre geográfico como elemento de entrada |
Cross-cultural studies |
| 9 (RLIN) |
323 |
| 650 #0 - PUNTO DE ACCESO ADICIONAL DE MATERIA--TÉRMINO DE MATERIA |
| Término de materia o nombre geográfico como elemento de entrada |
Entrepreneurship |
| 9 (RLIN) |
570 |
| 650 #0 - PUNTO DE ACCESO ADICIONAL DE MATERIA--TÉRMINO DE MATERIA |
| Término de materia o nombre geográfico como elemento de entrada |
Organizational behavior |
| 9 (RLIN) |
2566 |
| 650 #0 - PUNTO DE ACCESO ADICIONAL DE MATERIA--TÉRMINO DE MATERIA |
| Término de materia o nombre geográfico como elemento de entrada |
Culture |
| Subdivisión geográfica |
Latin America |
| 9 (RLIN) |
27003 |
| 700 ## - ENTRADA AGREGADA--NOMBRE PERSONAL |
| Nombre de persona |
Johnson, James Patrick |
| 9 (RLIN) |
27002 |
| Término indicativo de función/relación |
author |
| 856 ## - LOCALIZACIÓN Y ACCESO ELECTRÓNICOS |
| Identificador Uniforme del Recurso |
<a href="https://www-jstor-org.hub.tbs-education.fr/stable/pdf/3557170.pdf?refreqid=fastly-default%3A1aa1c887d88118adee9201261194a3e7&ab_segments=&initiator=&acceptTC=1">https://www-jstor-org.hub.tbs-education.fr/stable/pdf/3557170.pdf?refreqid=fastly-default%3A1aa1c887d88118adee9201261194a3e7&ab_segments=&initiator=&acceptTC=1</a> |
| 942 ## - ELEMENTOS DE ENTRADA AGREGADA (KOHA) |
| Fuente del sistema de clasificación o colocación |
Clasificación de Library of Congress |